000 01100 a2200217 4500
005 2008092204324.0
008 080922t xxu||||| |||| 00| 0 hin d
010 _aHIN-81193
020 _a8175413085
_c95.00
035 _aHN-53539
037 _bD.B.Act / Pub
082 _a415
100 _aमिश्र, मधुसूदन
245 _aप्रारम्भिक संस्कृत व्याकरण
_cमधुसूदन मिश्र
246 _aPrarmbhik saskrit Vyakran
_bBy-Madhusuden Mishra
260 _aदिल्ली
_bशिप्रा पब्लिकेशन्स
_c2006
270 _a115-ए, विकास मार्ग, शकरपुर
_bदिल्ली
_e110092
_k91-11-55277210, 22458662, 22200954
_minfo@shiprapublications.com
300 _a88पृ
_c22सेमी(अजिल्द)
942 _adpl
_cHN
_k415 / मिश्रम
_2ddc
_h415
_mमिश्रम
999 _c7995
_d7995